00656nam a2200217Ia 450000500170000000800410001702000180005804100120007608200190008810000210010724500580012826000540018630000220024044000650026265000170032765000260034465000190037065000140038970000190040370000160042220260429111953.0260429s9999||||xx |||||||||||||| ||und|| a9789819801121 aEnglish a338.10973bZIL aZilberman, David 0aAgricultural economics and policy / cDavid Zilberman aSingapore : bWorld Scientific Publishing,c2025. axxix, 459 p.; pbk aWorld scientific lecture notes in economics and policy; v.26 a Agriculture a Production economics a United states aEconomics a Miao, Ruiqing a Rong, Jian